GP Explorer, les pilotes des 3 éditions - Statistiques

Statistiques générales
  • Ce quiz a été pris 193 fois
  • Le résultat moyen est 28 sur 46
Statistiques - réponses
Réponse % Correct
Squeezie
100%
Amixem
96%
Anyme
93%
Maghla
93%
Maxime Biaggi
93%
Théo juice
89%
Léa Elui
88%
Dijilsi
87%
AmineMaTue
85%
Kaatsup
84%
SCH
84%
Billy
81%
Cocottee
80%
Gotaga
80%
Matsu
80%
Théodort
80%
Baghera
78%
Houdi
78%
Mister V
75%
PLK
75%
Sylvain Levy
75%
Etienne Moustache
73%
Karchez
69%
LeBouseuh
66%
Ana on air
65%
Nikof
65%
Joyca
59%
Pierre Chabrier
58%
Depielo
54%
Ludwig
51%
Seb
47%
Manon Lanza
46%
Ander
44%
Soso Maness
36%
Michael Reeves
34%
Sofyan
31%
Valouzz
28%
Deujna
26%
Domingo
24%
Prime l'éclair
24%
TheoBabac
23%
Horty
22%
Dobby
19%
Kekra
19%
Xari
16%
Bibi
13%
Aucun quiz correspondant
Distribution des résultats
% des personnes avec chaque résultat
Percentile par nombre de réponses
Votre historique - résultats
Vous n’avez pas pris ce quiz